Využitie ekonometrického modelu na skúmanie determinantov ratingu vybraných krajín

Cantor a Packer sa pomocou ekonometrického modelu pokúsili nájsť ekonomické faktory ovplyvňujúce ratingové hodnotenie štátu. Vybrali vzorku 49 krajín v období rokov 1991-1994. Ich model autor použil na overenie sily predikcie pre Slovensko, Českú republiku a Maďarsko. Skúmané časové obdobie je 11 ro...

Ausführliche Beschreibung

Gespeichert in:
Bibliographische Detailangaben
1. Verfasser: Alexy, Martin, 1976-
Format: Buchkapitel
Sprache:Slowakisch
Schlagworte:
Tags: Tag hinzufügen
Keine Tags, Fügen Sie das erste Tag hinzu!

MARC

LEADER 00000naa$a2200000$$$4500
001 0111153
005 20240502072228.9
041 0 |a slo 
044 |a SK 
245 1 0 |a Využitie ekonometrického modelu na skúmanie determinantov ratingu vybraných krajín  |c Martin Alexy 
520 |a Cantor a Packer sa pomocou ekonometrického modelu pokúsili nájsť ekonomické faktory ovplyvňujúce ratingové hodnotenie štátu. Vybrali vzorku 49 krajín v období rokov 1991-1994. Ich model autor použil na overenie sily predikcie pre Slovensko, Českú republiku a Maďarsko. Skúmané časové obdobie je 11 rokov v rozmedzí 1997-2007. 
610 2 0 |a modely ekonometrické 
610 2 0 |a rating 
610 2 0 |a štát 
100 1 |a Alexy, Martin, 1976-